000 00800nam a2200217Ia 4500
008 191130s2002##################000#0#eng##
020 _a9780195056204
040 _aACL
_cACL
082 _a305.420942 HAR
100 _aHarris, Barbara J
245 _aEnglish aristocratic women, 1450-1550 : marriage and family, property and careers
_cBarbara J. Harris
260 _aOxford
_bOxford University Press
_c2002
300 _axiv, 346 p. : ports. ; 25 cm
500 _aIncludes bibliographical references (p. 309-332) and index
650 _aAristocracy (Social class) - England - History
650 _aUpper class women - England - History
650 _aWomen - England - History - Renaissance, 1450-1600
990 _a619f5566ac10000c5a8ea9d28f558642
991 _a177970
999 _c260357
_d260357